<?xml version="1.0" encoding="UTF-8"?>
<record
    xmlns:xsi="http://www.w3.org/2001/XMLSchema-instance"
    xsi:schemaLocation="http://www.loc.gov/MARC21/slim http://www.loc.gov/standards/marcxml/schema/MARC21slim.xsd"
    xmlns="http://www.loc.gov/MARC21/slim">

  <leader>00518nam a2200205Ia 4500</leader>
  <controlfield tag="005">20251121143935.0</controlfield>
  <controlfield tag="008">230125s9999    xx            000 0 und d</controlfield>
  <datafield tag="020" ind1=" " ind2=" ">
    <subfield code="a">0-0918-1697-1</subfield>
  </datafield>
  <datafield tag="041" ind1=" " ind2=" ">
    <subfield code="a">eng</subfield>
  </datafield>
  <datafield tag="082" ind1=" " ind2=" ">
    <subfield code="a">158.1</subfield>
    <subfield code="b">JOH</subfield>
  </datafield>
  <datafield tag="100" ind1=" " ind2=" ">
    <subfield code="a">Johnson S</subfield>
    <subfield code="9">215150</subfield>
  </datafield>
  <datafield tag="245" ind1=" " ind2=" ">
    <subfield code="a">Who Moved My Cheese ?</subfield>
  </datafield>
  <datafield tag="260" ind1=" " ind2=" ">
    <subfield code="c">1998</subfield>
    <subfield code="b">Vermilion publisher</subfield>
    <subfield code="a">London</subfield>
  </datafield>
  <datafield tag="300" ind1=" " ind2=" ">
    <subfield code="a">94p</subfield>
  </datafield>
  <datafield tag="500" ind1=" " ind2=" ">
    <subfield code="a">Personality Development</subfield>
  </datafield>
  <datafield tag="650" ind1=" " ind2=" ">
    <subfield code="a">Personality Development</subfield>
    <subfield code="9">213420</subfield>
  </datafield>
  <datafield tag="700" ind1=" " ind2=" ">
    <subfield code="a">Johnson S</subfield>
    <subfield code="9">215150</subfield>
  </datafield>
  <datafield tag="906" ind1=" " ind2=" ">
    <subfield code="b">62.5</subfield>
  </datafield>
  <datafield tag="942" ind1=" " ind2=" ">
    <subfield code="c">DB</subfield>
  </datafield>
  <datafield tag="999" ind1=" " ind2=" ">
    <subfield code="c">92877</subfield>
    <subfield code="d">92877</subfield>
  </datafield>
  <datafield tag="952" ind1=" " ind2=" ">
    <subfield code="0">0</subfield>
    <subfield code="1">0</subfield>
    <subfield code="4">0</subfield>
    <subfield code="7">0</subfield>
    <subfield code="a">HIMR</subfield>
    <subfield code="b">HIMR</subfield>
    <subfield code="d">2016-03-01</subfield>
    <subfield code="e">Donated Book- Outside Donar</subfield>
    <subfield code="g">125.00</subfield>
    <subfield code="o">158.1 JOH DB2529</subfield>
    <subfield code="p">HIMR-DB-2529</subfield>
    <subfield code="r">2023-01-25 00:00:00</subfield>
    <subfield code="v">62.50</subfield>
    <subfield code="w">2023-01-25</subfield>
    <subfield code="y">DB</subfield>
    <subfield code="z">DB2529</subfield>
  </datafield>
  <datafield tag="952" ind1=" " ind2=" ">
    <subfield code="0">0</subfield>
    <subfield code="1">0</subfield>
    <subfield code="4">0</subfield>
    <subfield code="7">0</subfield>
    <subfield code="a">HIMR</subfield>
    <subfield code="b">HIMR</subfield>
    <subfield code="d">2006-11-13</subfield>
    <subfield code="e">Satya Gilani</subfield>
    <subfield code="o">158.1 JOH DB1128</subfield>
    <subfield code="p">HIMR-DB-1128</subfield>
    <subfield code="r">2023-01-25 00:00:00</subfield>
    <subfield code="w">2006-11-13</subfield>
    <subfield code="y">DB</subfield>
    <subfield code="z">DB1128</subfield>
  </datafield>
  <datafield tag="952" ind1=" " ind2=" ">
    <subfield code="0">0</subfield>
    <subfield code="1">0</subfield>
    <subfield code="4">0</subfield>
    <subfield code="7">0</subfield>
    <subfield code="a">HIMR</subfield>
    <subfield code="b">HIMR</subfield>
    <subfield code="d">2002-01-19</subfield>
    <subfield code="e">Shree Nav Jeevan</subfield>
    <subfield code="g">436.00</subfield>
    <subfield code="l">0</subfield>
    <subfield code="o">158.1 JOH B02902</subfield>
    <subfield code="p">HIMR-BK-2902</subfield>
    <subfield code="r">2023-01-25 00:00:00</subfield>
    <subfield code="v">436.00</subfield>
    <subfield code="w">2002-01-23</subfield>
    <subfield code="y">BK</subfield>
    <subfield code="z">B02902</subfield>
  </datafield>
  <datafield tag="952" ind1=" " ind2=" ">
    <subfield code="0">0</subfield>
    <subfield code="1">0</subfield>
    <subfield code="4">0</subfield>
    <subfield code="7">0</subfield>
    <subfield code="a">HIMR</subfield>
    <subfield code="b">HIMR</subfield>
    <subfield code="d">2001-11-24</subfield>
    <subfield code="e">Crossword</subfield>
    <subfield code="g">95.00</subfield>
    <subfield code="l">0</subfield>
    <subfield code="o">158.1 JOH B02751</subfield>
    <subfield code="p">HIMR-BK-2751</subfield>
    <subfield code="r">2023-01-25 00:00:00</subfield>
    <subfield code="v">95.00</subfield>
    <subfield code="w">2001-11-24</subfield>
    <subfield code="y">BK</subfield>
    <subfield code="z">B02751</subfield>
  </datafield>
</record>
